Little tiger's loose tooth
Sparad:
| Huvudupphovsman: | |
|---|---|
| Materialtyp: | Bok |
| Språk: | Undetermined |
| Publicerad: |
New York
MacmillanMcGraw-Hill
1997
|
| Ämnen: | |
| Taggar: |
Lägg till en tagg
Inga taggar, Lägg till första taggen!
|
| Thư viện lưu trữ: | Trung tâm Học liệu Trường Đại học Cần Thơ |
|---|
| LEADER | 00538nam a2200181Ia 4500 | ||
|---|---|---|---|
| 001 | CTU_166699 | ||
| 008 | 210402s9999 xx 000 0 und d | ||
| 020 | |c 2.95 | ||
| 082 | |a 823.914 | ||
| 082 | |b S496 | ||
| 100 | |a Seuling, Barbara | ||
| 245 | 0 | |a Little tiger's loose tooth | |
| 245 | 0 | |c Barbara Seuling; illustration by Scott Nash | |
| 260 | |a New York | ||
| 260 | |b MacmillanMcGraw-Hill | ||
| 260 | |c 1997 | ||
| 650 | |a Little Tiger (Fictitious character)Juvenile fiction | ||
| 980 | |a Trung tâm Học liệu Trường Đại học Cần Thơ | ||